| Tag |
First Indicator |
Second Indicator |
Subfields |
| LEADER |
00000cam a22000008a 4500 |
| 001 |
in00000098687 |
| 005 |
20150924085949.0 |
| 008 |
810210s1982 wb b 00 10 eng |
| 010 |
|
|
|a 81001060
|
| 020 |
|
|
|a 0387105042 (U.S.)
|
| 035 |
|
|
|a (OCoLC)07282847
|
| 035 |
|
|
|9 AAK9796AM
|
| 039 |
0 |
|
|a 2
|b 3
|c 3
|d 3
|e 3
|
| 040 |
|
|
|a DLC
|c DLC
|d TXA
|d UtOrBLW
|
| 049 |
|
|
|a TXAM
|c [1443411]
|
| 050 |
0 |
0 |
|a QD461
|b L72
|
| 082 |
0 |
|
|a 539.7
|2 19
|
| 100 |
1 |
|
|a Lindgren, Ingvar,
|d 1931-
|
| 245 |
1 |
0 |
|a Atomic many-body theory /
|c I. Lindgren, J. Morrison.
|
| 263 |
|
|
|a 8108
|
| 264 |
|
1 |
|a Berlin ;
|a New York :
|b Springer-Verlag,
|c 1982.
|
| 300 |
|
|
|a xiii, 469 pages :
|b illustrations ;
|c 24 cm.
|
| 336 |
|
|
|a text
|b txt
|2 rdacontent
|
| 337 |
|
|
|a unmediated
|b n
|2 rdamedia
|
| 338 |
|
|
|a volume
|b nc
|2 rdacarrier
|
| 490 |
1 |
|
|a Springer series in chemical physics ;
|v v. 13
|
| 500 |
|
|
|a Includes indexes.
|
| 504 |
|
|
|a Bibliography: pages [451]-459.
|
| 650 |
|
0 |
|a Atomic theory.
|
| 650 |
|
0 |
|a Many-body problem.
|
| 700 |
1 |
|
|a Morrison, J.
|q (John),
|d 1940-
|
| 830 |
|
0 |
|a Springer series in chemical physics ;
|v v. 13.
|
| 999 |
|
|
|a MARS
|
| 999 |
f |
f |
|s 52a834b9-e53e-36a6-9e66-73040386fb10
|i f72abc3a-ee51-30f7-8903-81f1ce2abd59
|t 0
|
| 952 |
f |
f |
|p ric
|a Texas A&M University
|b Rellis Campus
|c Joint Library Facility
|s JLF
|d Remote Storage
|t 0
|e QD461 L72
|h Library of Congress classification
|i unmediated -- volume
|m A14806033579
|
| 998 |
f |
f |
|a QD461 L72
|t 0
|l Remote Storage
|